| 000 | 00897nam a2200241 a 4500 | ||
|---|---|---|---|
| 001 | 65224 | ||
| 003 | BD-RjUL | ||
| 005 | 20211209081411.0 | ||
| 008 | 170301s1961 bg |||| |||| 000 0 ben d | ||
| 020 | _c: Tk.4.00 | ||
| 035 | _a(BD-RjUL)65354 | ||
| 040 |
_aBD-RjUL _bben _cBD-RjUL _dBD-RjUL |
||
| 041 | _aben | ||
| 082 |
_223 _a891.443 _bBAK 1961 |
||
| 100 | 1 | 0 |
_aবন্দোপাধ্যায়, তারাশঙ্কর _9193110 |
| 245 | 1 | 0 |
_aকবি / _cতারাশঙ্কর বন্দোপাধ্যায় |
| 246 | _b১ম সং. | ||
| 260 |
_aঢাকা : _bস্ট্যান্ডার্ড পাবলিশার্সলিমিটেড, _c১৯৬১ [১৩৬৮] |
||
| 300 |
_a১৯৮ পৃ. ; _c২১ সেমি. |
||
| 650 |
_aবাংলা উপন্যাস _9170454 |
||
| 650 |
_aBengali Fiction _9170455 |
||
| 942 |
_2ddc _cBK |
||
| 999 |
_c65224 _d65224 |
||